Film à huis clos - Mort Subite - Statistiques

Statistiques générales
  • Ce quiz a été pris 262 fois
  • Le résultat moyen est 7 sur 20
Answers on the Grid
Answers color-coded by a green-red scale on the quiz's grid according to % correct below.
L'auberge espagnole
Cube
La Boum
Douze hommes en colère
Entretien avec un vampire
127 Heures
Exam
Casino Royale (2006)
Fenêtre sur cour
Cinquante Nuances de Grey
The Truman Show
Full Metal Jacket
Hannibal (2001)
Identity
Buried
Amen
Les Autres (sorti en 2001)
La Rafle
Le dîner de cons
Le Prénom
Heat
Garde à vue
Snowpiercer - Le Transperceneige
No Country for Old Men
The Mist
Panic Room
Les bidasses en folie
Phone Game
Prédictions
Shining
Rain Man
Rec
The Belko Experiment
Qu'est-ce qu'on a fait au Bon Dieu ?
The Man From Earth
 
Statistiques - réponses
Réponse % Correct
Douze hommes en colère
73%
Le Prénom
62%
Le dîner de cons
58%
Fenêtre sur cour
52%
Shining
52%
Cube
50%
127 Heures
47%
Panic Room
43%
The Truman Show
39%
Snowpiercer - Le Transperceneige
33%
Garde à vue
31%
Les Autres (sorti en 2001)
28%
Phone Game
28%
Rec
26%
Buried
21%
Exam
15%
The Mist
15%
The Belko Experiment
14%
Identity
11%
The Man From Earth
10%
Aucun quiz correspondant
Distribution des résultats
% des personnes avec chaque résultat
Percentile par nombre de réponses
Votre historique - résultats
Vous n’avez pas pris ce quiz